| 000 | 01011nam0a22002771 4500 | ||
|---|---|---|---|
| 001 | rc\4802216 | ||
| 005 | 20130426134252.8 | ||
| 021 |
_aRU _b[60-59222] |
||
| 035 | _a(NLR Aleph) 008792858 | ||
| 090 |
_a8052491 _c8052491 |
||
| 100 | _a20130426d1960 |||y0rusy50 ca | ||
| 101 | 0 | _arus | |
| 102 | _aRU | ||
| 105 | _ay z ||||| | ||
| 200 | 1 |
_aМариэтта Шагинян _fО-во по распространению полит. и науч. знаний РСФСР |
|
| 210 |
_aМосква _cБ. и. _d1960 |
||
| 215 |
_a47 с. _d20 |
||
| 225 | 1 | _aДля университетов культуры | |
| 300 | _aПеред загл. авт.: 3.В. Удонова, канд. филол. наук. | ||
| 700 | 1 |
_aУдонова _bЗ. В. _f1923- _gЗоя Васильевна |
|
| 702 | 1 |
_aШагинян _bМ. С. _f1888-1982 _gМариэтта Сергеевна _3RU\NLR\AUTH\7727470 _4570 |
|
| 801 | 0 |
_aRU _bNLR _gpsbo |
|
| 801 | 1 |
_aRU _bELAR _2rusmarc |
|
| 852 |
_aNLR _j60-4/11102 |
||
| 942 | _cBOOK | ||
| 980 | _aNB | ||